000 00426nam a2200169Ia 4500
008 230524s9999 xx 000 0 und d
020 _a9788193975510
082 _a621.076
100 _awww.gkpublications.org
_944995
245 0 _aGATE 2020 - Mechanical Engineering
250 _a1
260 _aNew Delhi
_bGKP
_c2020
300 _a"xxiv,5.20p;"
500 _aQuantity Number: 1
650 _amechanical
942 _cBK
999 _c60601
_d60601